| 000 | 00388nam a2200145 4500 | ||
|---|---|---|---|
| 082 |
_a355.00941 _bFOR |
||
| 100 | 1 |
_aFortescue, J. W. _949223 |
|
| 245 | 1 | 2 | _aA history of the British army. |
| 250 | _aVol VII | ||
| 260 |
_aLondon, _bMacmillan, _c1809-1810. |
||
| 300 |
_axxii, 661p; _bmaps. _c23 cm. |
||
| 526 |
_a0 _b0 _c0 _d355_009410000000000_FOR |
||
| 650 |
_aMCE _9379 |
||
| 942 |
_2ddc _cBK |
||
| 999 |
_c552034 _d552034 |
||